Plant genetic resources in SAARC countries: Their conservation and management (Record no. 44255)

MARC details
000 -LEADER
fixed length control field 00486nam a2200157Ia 4500
020 ## - INTERNATIONAL STANDARD BOOK NUMBER
ISBN 9843210220
082 ## - DEWEY DECIMAL CLASSIFICATION NUMBER
Classification number 575:631.52(5-13)
Item number SAI
100 ## - MAIN ENTRY--AUTHOR NAME
Personal name Akter, Nasrin
245 #0 - TITLE STATEMENT
Title Plant genetic resources in SAARC countries: Their conservation and management
250 ## - EDITION STATEMENT
Edition statement Ed.2
260 ## - PUBLICATION, DISTRIBUTION, ETC. (IMPRINT)
Place of publication Bangladesh
Name of publisher SAARC Agricultural Information Centre (SAIC)
Year of publication 2005
650 ## - SUBJECT ADDED ENTRY--TOPICAL TERM
Topical Term Genetic conservation
700 ## - ADDED ENTRY--PERSONAL NAME
Personal name Rigyal, Samdrup
942 ## - ADDED ENTRY ELEMENTS (KOHA)
Koha item type Books
Holdings
Withdrawn status Lost status Damaged status Not for loan Home library Current library Date acquired Source of acquisition Full call number Accession Number Koha item type
        RRII Library RRII Library 16/12/2021 Gift 575:631.52(5-13) SAI G01002 Books